Last Banglow :Writings on Allahabad (Record no. 1303867)

MARC details
000 -LEADER
fixed length control field 00599nam a2200205Ia 4500
005 - DATE AND TIME OF LATEST TRANSACTION
control field 20250326144500.0
008 - FIXED-LENGTH DATA ELEMENTS--GENERAL INFORMATION
fixed length control field 250326s9999 xx 000 0 und d
020 ## - INTERNATIONAL STANDARD BOOK NUMBER
International Standard Book Number 0-14310-118-8
037 ## - SOURCE OF ACQUISITION
Stock number Textbook
040 ## - CATALOGING SOURCE
Original cataloging agency FMSL
Language of cataloging eng
Transcribing agency FMSL
041 ## - LANGUAGE CODE
Language code of text/sound track or separate title eng
Source of code eng
084 ## - COLON CLASSIFICATION NUMBER
Classification number O111x.445222 P7
Assigning agency FMSL
100 ## - MAIN ENTRY--PERSONAL NAME
Personal name Mehotra Arvind .K Ed.
9 (RLIN) 749734
245 #0 - TITLE STATEMENT
Title Last Banglow :Writings on Allahabad
Statement of responsibility, etc. Mehotra Arvind .K Ed.
260 ## - PUBLICATION, DISTRIBUTION, ETC.
Place of publication, distribution, etc. New Delhi
Name of publisher, distributor, etc. New Delhi, Penguin books
Date of publication, distribution, etc. 2007
300 ## - PHYSICAL DESCRIPTION
Extent 331p
365 ## - TRADE PRICE
Price amount 395
942 ## - ADDED ENTRY ELEMENTS (KOHA)
Koha item type Textbook
Classification part O111x.445222 P7
Holdings
Withdrawn status Lost status Damaged status Not for loan Home library Current library Date acquired Source of acquisition Cost, normal purchase price Total Checkouts Full call number Barcode Date last seen Price effective from Koha item type
        Faculty of Management Library Faculty of Management Library 2025-03-26 Index International 395.00   O111x.445222 P7 ML1351939 2025-03-26 2025-03-26 Textbook
Copyright @ Delhi University Library System